GMZ top 25 - Statistics

General Stats
  • This quiz has been taken 9 times
  • The average score is 21 of 25
Answer Stats
Hint Answer % Correct
1 Among the Stars C-Side
100%
17 Claustrophobia
100%
8 Key to Success
100%
18 The Instant
100%
3 Abyss of Time
89%
11 Agoraphobia
89%
10 Aichmophobia
89%
13 Best of Crushing It!
89%
12 Final Flame
89%
4 Open Space
89%
9 Path of Pain
89%
20 Peridot Pinnacle C-Side
89%
7 Prismatic Pathways C-side
89%
15 Radiation
89%
2 The Instant Cheeseless
89%
19 The Tower III
89%
24 Ruthless
78%
6 Sodalite Skyline C-Side
78%
14 A Crimson End
67%
16 Kaleidoscope
67%
25 Keydoor Cave
67%
5 Programminguy's Mild Inconvenience
67%
21 Black Lite
56%
22 Bloodshot
56%
23 Mithril Spikes
56%
No matching quizzes found
Score Distribution
Percent of People with Each Score
Percentile by Number Answered
Your Score History
You have not taken this quiz